000 00678nam a22002177a 4500
003 UA-OsUOA
001 70016
007 ta
008 20100714b un ||||| |||| 00| 0 ukr d
100 _aТкаченко В.
090 _a94(477)
_bТ48
942 _cSA
040 _aUA-OsUOA
_bukr
_cUA-OsUOA
_dUA-OsUOA
245 _aПокаяння як момент істини. Проблема Голодомору в контексті "спільної історії" України та Росії
300 _aС.8
955 _a0
041 _aukr
080 _a94(477)
773 0 _w70014
650 7 _a9 Географія. Біографії. Історія
_2UDC
999 _c356173
_d356173